Porovnanie ventilátorov v prevádzke chladiaceho okruhu
Saved in:
| Main Author: | |
|---|---|
| Other Authors: | |
| Format: | Manuscript Book |
| Language: | Slovak |
| Published: |
2019
|
| Subjects: | |
| Online Access: | http://is.stuba.sk/zp/portal_zp.pl?podrobnosti=153488 |
| Tags: |
No Tags, Be the first to tag this record!
|
MARC
| LEADER | 00000ntm a22000003a 4500 | ||
|---|---|---|---|
| 001 | stuzp73900 | ||
| 003 | SK-STU | ||
| 005 | 20190608212615.1 | ||
| 007 | ta | ||
| 008 | 150427s2015----xo-----f-mn---000-0-slo-d | ||
| 040 | |a STU |b slo | ||
| 041 | 0 | |a slo | |
| 100 | 1 | |a Mokrý, Jakub |u 020060 |4 aut |U SjF Strojnícka fakulta |T SjF Ústav energetických strojov a zariadení |X 87503 |U J0060 |Y 805 |7 87503 | |
| 242 | 0 | 1 | |a Comparison of fans in operation of cooling circuit |y eng |
| 245 | 1 | 0 | |a Porovnanie ventilátorov v prevádzke chladiaceho okruhu |
| 260 | |c 2019 | ||
| 650 | 4 | |a ventilátor |2 slo | |
| 650 | 4 | |a EC motor |2 slo | |
| 650 | 4 | |a AC motor |2 slo | |
| 650 | 4 | |a fan |2 eng | |
| 650 | 4 | |a EC motor |2 eng | |
| 650 | 4 | |a AC motor |2 eng | |
| 700 | 1 | |a Tomlein, Peter |u 020060 |k Z8 |4 ths |U SjF Strojnícka fakulta |T SjF Ústav energetických strojov a zariadení |X 2211 |U J0060 |Y 805 |7 A000002211 | |
| 856 | 4 | |u http://is.stuba.sk/zp/portal_zp.pl?podrobnosti=153488 | |
| 996 | |b 284J045980 |c J* 3090/DBP |l JJSK |s A |a 24 |w stuzp73900_0001 | ||